La maquina del tiempo / (Registro nro. 37217)

Detalles MARC
000 -CABECERA
Longitud fija campo de control 01156nam a2200301 a 4500
003 - • IDENTIFICADOR DELl NÚMERO DE CONTROL
Identificador del número de control CO-ViMGA
005 - • FECHA Y HORA DE LA ÚLTIMA TRANSACCIÓN
Fecha y hora de la última transacción 20230915233610.0
008 - • CÓDIGOS DE INFORMACIÓN DE LONGITUD FIJA
Códigos de información de longitud fija 190626s2019 ck a gr 0001c spa d
020 ## - • NÚMERO INTERNACIONAL NORMALIZADO PARA LIBROS
Número Internacional Normalizado para Libros (ISBN) 9789583057502
040 ## - FUENTE DE LA CATALOGACIÓN
Centro catalogador de origen CO-ViMGA
Lengua de catalogación spa
Centro transcriptor CO-ViMGA
043 ## - CÓDIGO DE ÁREA GEOGRÁFICA
Código de área geográfica e-uk-en
082 04 - • NÚMERO DE LA CLASIFICACIÓN DECIMAL DEWEY
Número de clasificación (R) 741.5942
Número del ítem D61h1
Número de edición 19
100 0# - • PUNTO DE ACCESO PRINCIPAL-NOMBRE DE PERSONA
Nombre de persona Dobbs.
245 13 - • TITULO PROPIAMENTE DICHO
Título La maquina del tiempo /
Mención de responsabilidad, etc. guion Dobbs ; dibujos y color Mathieu Moreau ; traducción del frances Juan Merino.
250 ## - • MENCIÓN DE EDICIÓN
Mención de edición Edición Luisa Noguera Arrieta.
300 ## - • DESCRIPCIÓN FÍSICA
Extensión 55 páginas :
Otras características físicas ilustraciones ;
Dimensiones 26 cm.
490 0# - • MENCIÓN DE SERIE
Mención de serie Com̤ic Panamericana
534 ## - • Nota De Versión Original
-- Tt̕ulo original :
Título La machine ẻxplorer le temps.
600 14 - • PUNTO DE ACCESO ADICIONAL DE MATERIA - NOMBRE DE PERSONA
Nombre de persona Wells, Herbert George,
Fechas asociadas al nombre 1866-1946.
Título de la obra La máquina del tiempo
Subdivisión de forma (R ) Adaptaciones gráficas.
650 14 - • PUNTO DE ACCESO ADICIONAL DE MATERIA - TÉRMINO DE MATERIA
Término de materia o nombre geográfico como elemento inicial Novela de ciencia ficción.
650 14 - • PUNTO DE ACCESO ADICIONAL DE MATERIA - TÉRMINO DE MATERIA
Término de materia o nombre geográfico como elemento inicial Novela gráfica inglesa.
700 1# - • PUNTO DE ACCESO ADICIONAL - NOMBRE DE PERSONA
Nombre de persona Merino Castrillo, Juan Fernando,
Fechas asociadas al nombre 1954-,
Término indicativo de función traductor.
700 1# - • PUNTO DE ACCESO ADICIONAL - NOMBRE DE PERSONA
Nombre de persona Moreau, Mathieu,
Término indicativo de función ilustrador.
700 1# - • PUNTO DE ACCESO ADICIONAL - NOMBRE DE PERSONA
Nombre de persona Noguera Arrieta, Luisa Margarita,
Término indicativo de función editora.
942 ## - ENTRADA DE ELEMENTOS AGREGADOS (KOHA)
Fuente de clasificaión o esquema Dewey Decimal Classification
Koha [por defecto] tipo de item LIbro
Existencias
Perdido Fuente de clasificación o esquema Estado Físico No para préstamo Forma de adquisición Localización permanente Localización actual Fecha adquisición Préstamos totales Signatura completa Código de barras Fecha última consulta Fecha del precio de reemplazo Tipo de item de Koha
  Dewey Decimal Classification     Sala Especializada Tercer Piso Biblioteca Pública Germán Arciniegas - Villavicencio Biblioteca Pública Germán Arciniegas - Villavicencio 03/18/2020   741.5942 D61h1 32208 03/18/2020 03/18/2020 LIbro
  Dewey Decimal Classification     Sala Especializada Tercer Piso Biblioteca Pública Germán Arciniegas - Villavicencio Biblioteca Pública Germán Arciniegas - Villavicencio 03/18/2020   741.5942 D61h1 32209 03/18/2020 03/18/2020 LIbro









Instituto Departamental de Cultura del Meta - Red Departamental de Bibliotecas Públicas del Meta.